000
00263nam a22001097a 4500
008
170113b xxu||||| |||| 00| 0 eng d
020
_a
9781455742189
041
_a
eng
080
_2
7TH
_a
618.2
245
_a
PHARMACOLOGY/ A NURSING APPROACH
_c
HAYES
942
_2
udc
_c
BK
999
_c
2888
_d
2888